Okno do mikroekonómie
Gespeichert in:
| 1. Verfasser: | |
|---|---|
| Format: | Buch |
| Sprache: | Slowakisch |
| Veröffentlicht: |
Bratislava
Elita
1994
|
| Schlagworte: | |
| Tags: |
Keine Tags, Fügen Sie das erste Tag hinzu!
|
MARC
| LEADER | 00000nam a2200000 4500 | ||
|---|---|---|---|
| 001 | c005739 | ||
| 005 | 20221123104932.6 | ||
| 020 | |a 80-85323-58-3 | ||
| 041 | 0 | |a slo | |
| 044 | |a SK | ||
| 245 | 1 | 0 | |a Okno do mikroekonómie |c Marián Goga |
| 264 | 1 | |a Bratislava |b Elita |c 1994 | |
| 300 | |a 135 s. | ||
| 610 | 2 | 0 | |a mikroekonomika |
| 610 | 2 | 0 | |a spotrebitelia |
| 610 | 2 | 0 | |a domácnosti |
| 610 | 2 | 0 | |a tovar |
| 610 | 2 | 0 | |a dopyt spotrebiteľský |
| 610 | 2 | 0 | |a firmy |
| 610 | 2 | 0 | |a podnik |
| 610 | 2 | 0 | |a rovnováha trhová |
| 610 | 2 | 0 | |a trh |
| 610 | 2 | 0 | |a náklady |
| 100 | 1 | |a Goga, Marián | |